Least Densely Populated Neighbors - Statistics

General Stats
  • This quiz has been taken 13 times
  • The average score is 28 of 29
Answer Stats
% Correct
Algeria
100%
Angola
100%
Botswana
100%
Brazil
100%
Canada
100%
Central African Republic
100%
Chad
100%
Denmark
100%
Finland
100%
Guyana
100%
Kazakhstan
100%
Libya
100%
Mali
100%
Mauritania
100%
Mongolia
100%
Namibia
100%
Niger
100%
Norway
100%
Russia
100%
Suriname
100%
Turkmenistan
100%
Zambia
100%
Argentina
92%
Bolivia
92%
Congo(Republic)
92%
Paraguay
92%
South Sudan
92%
Sudan
92%
Gabon
85%
No matching quizzes found
Score Distribution
Percent of People with Each Score
Percentile by Number Answered
Your Score History
You have not taken this quiz